Keane
Ο Γουίλιαμ Κιν περιπλανιέται στους δρόμους και το μετρό της Νέας Υόρκης, σε κατάσταση ημιπαραφροσύνης, αναζητώντας την 6χρονη κόρη του, που πριν μερικούς μήνες έπεσε θύμα απαγωγής. Εκτός και άν είναι και αυτή δημιούργημα της σχιζοφρένειάς του....
Αποθηκεύτηκε σε:
| Άλλοι συγγραφείς: | , |
|---|---|
| Μορφή: | |
| Γλώσσα: | English Greek |
| Δημοσίευση: |
Αθήνα :
ArtFree,
2006.
|
| Θέματα: | |
| Ετικέτες: |
Προσθήκη ετικέτας
Δεν υπάρχουν, Καταχωρήστε ετικέτα πρώτοι!
|
MARC
| LEADER | 00000cgm a2200000 i 4500 | ||
|---|---|---|---|
| 001 | 1/367 | ||
| 008 | 090626s2006 gr ||| | || ||eng|| | ||
| 035 | |l 10105211 | ||
| 040 | |a GR-MyUa |b gre |e AACR2 | ||
| 041 | 0 | |a eng |j gre | |
| 082 | 7 | |a 791.437 |2 (22) | |
| 245 | 0 | 0 | |a Keane |h [μαγνητοσκόπηση] / |c μια ταινία του Lodge Kerrigan. |
| 260 | |a Αθήνα : |b ArtFree, |c 2006. | ||
| 300 | |a 1 βιντεοδίσκος (90 λεπτ.) : |b ομίλ., έγχρ. ; |c 4 3/4 ίν. + |e 1 φυλλάδιο | ||
| 500 | |a Κυκλοφόρησε πρώτη φορά ως κινηματογραφική ταινία το 2004. | ||
| 508 | |a Εκτέλεση παραγωγής, Steven Soderbergh ; παραγωγή, Andrew Fierberg ; φωτογραφία, John Foster ; μοντάζ, Andrew Hafitz ; σχεδιασμός παραγωγής, Petra Barchi. | ||
| 511 | 0 | |a Damian Lewis, Amy Ryan, Abigail Breslin. | |
| 520 | 8 | |a Ο Γουίλιαμ Κιν περιπλανιέται στους δρόμους και το μετρό της Νέας Υόρκης, σε κατάσταση ημιπαραφροσύνης, αναζητώντας την 6χρονη κόρη του, που πριν μερικούς μήνες έπεσε θύμα απαγωγής. Εκτός και άν είναι και αυτή δημιούργημα της σχιζοφρένειάς του. | |
| 521 | 8 | |a Ακατάλληλο κάτω των 18 ετών. | |
| 546 | |a Στα αγγλικά με υπότιτλους στα ελληνικά. | ||
| 586 | 8 | |a Βραβείο κριτικών, Φεστιβάλ Ντοβίλ, 2005 | |
| 586 | 8 | |a Ειδικό Βραβείο επιτροπής, Φεστιβάλ Βτοβίλ, 2005 | |
| 650 | 0 | |a Missing children |v Drama. | |
| 650 | 0 | |a Schizophrenia |v Drama. | |
| 655 | 7 | |a Feature films |2 lcgft | |
| 700 | 1 | |a Kerrigan, Lodge, |e drt | |
| 700 | 1 | |a Lewis, Damian, |d 1971- |e act | |
| 852 | |a INST |b SYROS |c AV |e 20090626 |h 791.437 KER |p 005500008298 |q 005500008298 |t DVD |y 23 | ||
| 901 | |a BIBL5-2008-1 | ||
| 922 | |a 5ΕΛΗ |b 200810 |c Βιβλιοθήκη Σύρου |d DVD Club Enter | ||
| 970 | |a Κοντού |b Παρασκευή |z 26/06/2009 | ||